| 000 | 00443nam a2200097Ia 4500 | ||
|---|---|---|---|
| 005 | 20250424112843.0 | ||
| 008 | 250424s9999 xx 000 0 und d | ||
| 300 | _a150 p. :ill. ; 28 cm. | ||
| 650 | _aWorld Bank--Developing countries. Public administration--Developing countries. Administrative agencies--Developing countries--Management. Government business enterprises--Developing countries. Developing countries--Economic policy. | ||
| 942 | _cSR | ||
| 999 |
_c37513 _d37513 |
||